000 00454nam a2200193Ia 4500
005 20250423095542.0
008 250422s9999 xx 000 0 und d
020 _a9788126530038
050 _aGB 1003.2 .T63/
100 _aTodd, David Keith.
245 0 _aGroundwater hydrology
250 _a3rd ed.
260 _aNew Delhi
260 _bJohn Wiley & Sons Inc.
260 _c2013
300 _a636 p
650 _aGroundwater.
942 _cBK
999 _c30620
_d30620